| 000 | 00476nam a2200121Ia 4500 | ||
|---|---|---|---|
| 008 | 170221s9999 xx 000 0 und d | ||
| 100 | _aForrest Thompson | ||
| 245 | 4 | _aThe Large, medium, and small HBCUs performance on the 2013 CPA exam | |
| 245 | _cForrest Thompson, Albany State University; H. Lee Washington, Albany State University. | ||
| 260 | _bJournal of Management and Marketing Research | ||
| 650 | _xBusiness | ||
| 856 | _uhttp://www.aabri.com/manuscripts/141969.pdf | ||
| 999 |
_c307917 _d307917 |
||